| 000 | 00530nam a22001817a 4500 | ||
|---|---|---|---|
| 999 |
_c190084 _d190084 |
||
| 005 | 20220718143111.0 | ||
| 010 | _aENG-133645 | ||
| 020 |
_a9789385977381 _c250.00 |
||
| 035 | _aEN-117177 | ||
| 037 | _bDBAD/PUB | ||
| 082 | _a658.4 | ||
| 100 | _aNavarathinam, k. | ||
| 245 |
_aPrinciples Of Management/ _cK.Navarathinam |
||
| 260 |
_aMadurai, _bShanlax Publications _c2015 |
||
| 270 |
_a66,61 T.P.K. Main Road. Vasantha Nagar _bMadurai _e625003 |
||
| 300 |
_a144p. _c22cm(Pbk) |
||
| 942 |
_2ddc _cEN _h658.4 _mNAV |
||